000 00708nam a2200289Ia 4500
005 20260324120222.0
008 008 260324s9999 xx 000 0 eng d
020 _a9781315713960
037 _aEBOOK
040 _aCRL
040 _beng
040 _cCRL
041 _2eng
041 _aeng
084 _qCRL
100 _aAdrian Furnham; Barrie Gunter
_91157702
245 0 _aCorporate Assessment (Routledge Revivals)
245 0 _bAuditing a Company's Personality
260 _bTaylor and Francis
260 _c2015
365 _a
365 _b180
856 _uhttp://www.taylorfrancis.com/books/9781315713960
942 _cEBOOK
999 _c1749116
_d1749116